000 00444cam a2200169ua 4500
020 _cRS 10.00
041 _aeng
_h
082 _a828.09
_bCOL/SH
100 _aColeridge, Samuel Taylor .
245 _aShakespearean criticism /
_cSamuel Taylor Coleridge.
_hTextual Documents
260 _aLondon :
_bJ M Dent and Sons Ltd ,
_c1961.
300 _a290 ; .
365 _aRS 10.00
504 _a
942 _cBK
999 _c3749
_d3749